| 000 | 00724nam a22002537a 4500 | ||
|---|---|---|---|
| 001 | 1754 | ||
| 003 | BD-RjUL | ||
| 005 | 20211208233414.0 | ||
| 008 | 131209s2006 I ||||| |||| 001 0 eng d | ||
| 020 | _a8120327993 | ||
| 035 | _a(BD-RjUL)1781 | ||
| 040 |
_aBD-RjUL _beng _cBD-RjUL _dBD-RjUL |
||
| 041 | _aeng | ||
| 082 | 0 | 4 |
_a658.8 _bKOM 2006 _219 |
| 100 | 1 |
_aKotler, Philip, _91938 |
|
| 245 | 1 |
_aMarketing management / _cPhilip Kotler and Kevin Lane Keller. |
|
| 250 | _a12 th ed. | ||
| 260 |
_aNew Delhi : _bPrentice-Hall of India, |
||
| 300 |
_axxxviii, 729 p. : _bill. ; _c28 cm. |
||
| 504 | _aIncludes index. | ||
| 650 |
_aMarketing _v Management _95800 |
||
| 700 | 1 |
_a Keller, Kevin Lane. _95801 |
|
| 942 |
_2ddc _cBK _09 |
||
| 999 |
_c1754 _d1754 |
||